Statistics for Three Letter Geography

Click here to take the quiz!

General Stats

  • This quiz has been taken 57,802 times
    (19,860 since last reset)
  • The average score is 11 of 20

Answer Stats

DescriptionAnswer% Correct
Abbreviated name of Brazil's
most famous city
Rio
95%
Currency of JapanYen
94%
Airport code of Los AngelesLAX
83%
Word that comes after Dead,
Red, or Black
Sea
80%
Bird seen on Australia's
coat of arms
Emu
73%
City in Morocco, or a cylindrical red hatFez
71%
Synonym of gulfBay
61%
Word that comes before Largo,
West, and Biscayne
Key
58%
Three Gorges and Aswan
are notable examples
Dam
56%
Another name for the Vatican:
The Holy ___
See
51%
Former name of TokyoEdo
48%
Former Portuguese colony in IndiaGoa
46%
Predominant ethnic group of ChinaHan
44%
The German word for "bath",
seen in the names of many towns
Bad
40%
Currency of South Korea
and North Korea
Won
40%
Mineral springs city in BelgiumSpa
37%
Rostov's riverDon
32%
"Question asking" British riverWye
28%
Cambridge's riverCam
27%
The largest lake in Turkey, or the city
which lies on its shores
Van
14%

Score Distribution

Percentile by Number Answered

Percent of People with Each Score

Your Score History

You have not taken this quiz since the last reset